000 00583nam a22002057a 4500
003 dpl
005 20180908140929.0
008 180908b xxu||||| |||| 00| 0 eng d
010 _aA-996530
020 _a8170997488
035 _aA-996530
040 _aDPL
_bEN
_c0
082 _a796.3
_bASH
100 _aAshok Kumar
245 _aInternational Encyclopaedia of sports and games /
_c by Ashok Kumar
260 _aNew Delhi
_bMittal publication
270 _aA-110,Mohan Garden
_bNew Delhi
_e110059
300 _a491p.:
_c20cm
942 _2ddc
_cEN
_h796.3
_mASH
999 _c157206
_d157206